Manual prt̀ico de avaliaȯ̂ e controle do rud̕o - PPRA - 2014

Detalles Bibliográficos
Autor principal: Messias Saliba, Tuffi
Formato: eBook
Lenguaje:portugués
Publicado: San Pablo: LTR Editora, 2014
Materias:
Acceso en línea:Acceso restringido

MARC

LEADER 00000nam a22000007a 4500
005 20150529210719.0
007 cr|||| ||||
008 150529s2014 br |||||s|||| 00||0 por d
020 |a 978-85-361-3185-6 
035 |a 12716 
040 |a vLex 
090 |c 5455  |d 5455 
100 1 |a Messias Saliba, Tuffi 
245 1 0 |a Manual prt̀ico de avaliaȯ̂ e controle do rud̕o - PPRA - 2014  |h [Recurso electrn̤ico] /  |c Tuffi Messias Saliba 
256 |a Servicio en ln̕ea 
260 |a San Pablo:  |b LTR Editora,  |c 2014 
300 |a 1 recurso electrn̤ico 
500 |a A nova ediȯ̂ do Manual Prt̀ico de Avaliaȯ̂ e Controle de Rud̕o foi toda revisada e atualizada. Todos os capt̕ulos foram examinados e corrigidos eventuais erros materiais. Alm̌ disso, foram includ̕os exemplos outros prt̀icos com o objetivo de melhorar a compreensô dos leitores, especialmente nos parḿetros de avaliaȯ̂ ocupacional de rud̕o. Alguns leitores e os participantes de nossos cursos de treinamento enviam comentr̀ios e sugeste̳s a respeito dos temas abordados no livro. Essas sugeste̳s sô importantes para a melhoria contn̕ua da obra. Vale ressaltar que esta obra e as outras de minha autoria visam principalmente a contribuir com o aperfeiȯamento profissional dos leitores. Sendo assim, com base nas manifestaė̳s recebidas de vr̀ios profissionais, presume-se que esse objetivo foi plenamente alcanȧdo. Outro fator importante desse x̊ito ̌a parceria de muitos anos da LTr Editora, o que fez a obra alcanȧr a atual 8® ediȯ̂. 
506 1 |a Disponible solo en los productos indicados  |d vLex Global  |d vLex Global (Academic Edition, excluding Law Schools)  |d vLex Global (U.S. Academic Edition, Law Schools)  |d vLex Global (U.S. Academic Edition, excluding Law Schools)  |d vLex Global (Academic Edition, Law Schools) 
650 0 4 |a Derecho Civil  |z Brasil 
740 0 |a vLex Libros (Servicio en ln̕ea) 
856 4 0 |u http://vlex.com/source/manual-pratico-de-avalia-o-e-controle-do-ruido-ppra-2014-12716  |z Acceso restringido 
942 |c BOOK 
999 0 |a Civil Law